00000000nam 2200000zi 4500
0019.946353
003CaOODSP
00520250304091049
006m     o  d f      
007cr cn|||||||||
008241219t20252025qucb    ob   f000 0 eng d
020 |a9780660750255
040 |aCaOODSP|beng|erda|cCaOODSP
0410 |aeng|beng|bfre
043 |an-cn---
0861 |aFs97-18/388E-PDF
1001 |aLavoie, Diane, |eauthor.
24510|aBiogeochemical modelling at DFO : |boverview and recommendations of the biogeochemical modelling working group / |cDiane Lavoie, Corinne Bourgault-Brunelle, David Brickman, Olivia Gibb, Thomas Guyondet, Andrea Niemi, Angelica Peña, Hui Shen, and Nancy Soontiens.
264 1|aMont-Joli, QC : |bFisheries and Oceans Canada, Maurice Lamontagne Institute, Pelagic and Ecosystemic Science Division, Quebec Region, Regional Sciences Branch, |c2025.
264 4|c©2025
300 |a1 online resource (viii, 62 pages) : |bmaps.
336 |atext|btxt|2rdacontent
337 |acomputer|bc|2rdamedia
338 |aonline resource|bcr|2rdacarrier
4901 |aCanadian technical report of hydrography and ocean sciences, |x1488-5417 ; |v388
504 |aIncludes bibliographical references (pages 29-43).
5203 |a"Biogeochemical modelling systems can aid in the interpretation of changes observed in biogeochemical observational programs and uncover linkages between biogeochemical and physical spatial patterns. Biogeochemical models can also support the development of an ecosystem approach to marine resource management, adaptation to climate change, and the development of a blue economy. Thus, biogeochemical modelling is bound to play a key role in research, advice, service, and decision-making within Fisheries and Oceans Canada (DFO)"--Abstract, page vii.
546 |aIncludes abstracts in English and French.
61010|aCanada.|bDepartment of Fisheries and Oceans.|bQuebec Region.|bRegional Science Branch.
61016|aCanada. |bMinistère des pêches et des océans. |bRégion du Québec. |bDirection régionale des sciences.
650 0|aBiogeochemistry|xResearch|zCanada.
650 0|aOceanography|xResearch|zCanada.
650 6|aBiogéochimie|xRecherche|zCanada.
650 6|aOcéanographie|xRecherche|zCanada.
7102 |aMaurice Lamontagne Institute, |eissuing body.
830#0|aCanadian technical report of hydrography and ocean sciences,|x1488-5417 ; |v388.|w(CaOODSP)9.504781
85640|qPDF|s2.84 MB|uhttps://publications.gc.ca/collections/collection_2025/mpo-dfo/Fs97-18-388-eng.pdf